00361 a2200121 450000100060000010000050000624500400001126000370005109000170008894200310010599900190013695200840015555646 a aFangs of Ice ; the story of siachen aRawalpindibpak P.E.N Pubsc1991 c34519d34519 aNUST-CAEcMONOGRAPHc27246 c290719d290719 001040708NFICaCAEbCAEd2017-04-03l0pCAE58752r2017-04-05w2017-04-05yBK